000
00221nam a2200097Ia 4500
008
170620s9999 xx 000 0 und d
100
_a
Chaurasia-B.D
245
0
_a
Handbook of general anatomy
260
_b
Delhi: cbs
260
_c
2005
300
_a
191
999
_c
27684
_d
27684